Les rois de France - Statistiques

Statistiques générales
  • Ce quiz a été pris 143 fois
  • Le résultat moyen est 5 sur 9
Answers on the Grid
Answers color-coded by a green-red scale on the quiz's grid according to % correct below.
Louis XIX
Claude II
Charles III
Dagobert III
Jean III
Henri V
Raoul Ier
Paul Ier
Clerdebert II
Louis XVIII
François III
Thierry III
Raoul II
Albert Ier
Jean Ier
Charles X
Philippe V
Robert IV
Robert Ier
 
Statistiques - réponses
Réponse % Correct
Charles X
72%
Louis XVIII
66%
Charles III
64%
Philippe V
57%
Robert Ier
53%
Jean Ier
51%
Dagobert III
48%
Raoul Ier
39%
Thierry III
31%
Aucun quiz correspondant
Distribution des résultats
% des personnes avec chaque résultat
Percentile par nombre de réponses
Votre historique - résultats
Vous n’avez pas pris ce quiz